[Event "Almansa 2013 - Torneo B"]
[Site "Almansa ESP"]
[Date "2013.08.06"]
[Round "1.1"]
[White "Lozano Osorio, Isaac"]
[Black "Jimenez Almeida, Luis David"]
[Result "0-1"]
[WhiteElo "1649"]
[BlackElo "1998"]
[PlyCount "90"]
[EventDate "2013.08.06"]
[EventType "swiss"]
[EventRounds "9"]
[EventCountry "ESP"]
[Source "lmi"]
[SourceDate "2013.08.06"]

1. f4 g6 2. Nf3 Bg7 3. e3 d6 4. d4 c5 5. c3 Qc7 6. b3 h5 7. Bb2 Nh6 8. Bd3 cxd4
9. cxd4 O-O 10. Nc3 Bf5 11. Rc1 Nc6 12. O-O a6 13. e4 Bg4 14. d5 Bxf3 15. gxf3
Qb6+ 16. Kh1 Nb4 17. Qd2 Qd4 18. Rfd1 Rac8 19. a3 Nxd3 20. Qxd3 Qxd3 21. Rxd3
f5 22. Nd1 Bxb2 23. Rxc8 Rxc8 24. Nxb2 Rc1+ 25. Nd1 fxe4 26. fxe4 Ng4 27. Kg1
Kf7 28. h3 Nf6 29. e5 Ne4 30. Kf1 Nc5 31. exd6 exd6 32. Rd4 Nxb3 33. Rd3 Nc5
34. Rd4 Ra1 35. a4 Nxa4 36. Ke2 Nc5 37. Rb4 b5 38. h4 Kf6 39. Ne3 Rh1 40. Ng2
Rg1 41. Kf2 Nd3+ 42. Kxg1 Nxb4 43. Ne3 a5 44. Kf2 a4 45. Ke2 a3 0-1

[Event "Almansa 2013 - Torneo B"]
[Site "Almansa ESP"]
[Date "2013.08.06"]
[Round "1.2"]
[White "Talavera Garcia, Santiago"]
[Black "Palao Morales, Antonio"]
[Result "1-0"]
[WhiteElo "1997"]
[BlackElo "1646"]
[PlyCount "40"]
[EventDate "2013.08.06"]
[EventType "swiss"]
[EventRounds "9"]
[EventCountry "ESP"]
[Source "lmi"]
[SourceDate "2013.08.06"]

1. d4 d5 2. c4 c6 3. Nc3 Nf6 4. Bg5 e6 5. cxd5 exd5 6. Qc2 Be7 7. e3 Be6 8. Bd3
h6 9. Bh4 Nbd7 10. Nge2 a6 11. O-O Rc8 12. Nf4 Bg4 13. f3 g5 14. fxg4 gxh4 15.
Bf5 Rg8 16. h3 Rg5 17. Rae1 Kf8 18. e4 dxe4 19. Nxe4 Nxe4 20. Qxe4 Nf6 1-0

[Event "Almansa 2013 - Torneo B"]
[Site "Almansa ESP"]
[Date "2013.08.06"]
[Round "1.3"]
[White "Sanchez Serrano, Emilio"]
[Black "Cebrian Flores, Juan Antonio"]
[Result "1-0"]
[WhiteElo "1638"]
[BlackElo "1988"]
[PlyCount "127"]
[EventDate "2013.08.06"]
[EventType "swiss"]
[EventRounds "9"]
[EventCountry "ESP"]
[Source "lmi"]
[SourceDate "2013.08.06"]

1. d4 Nf6 2. Nf3 g6 3. b3 Bg7 4. Bb2 d6 5. e3 O-O 6. c4 Nbd7 7. Nc3 Re8 8. Be2
c6 9. O-O e5 10. b4 Qc7 11. a4 Nf8 12. Qc2 h6 13. b5 N6h7 14. Ba3 Bg4 15. Rfd1
Rad8 16. h3 Bc8 17. Rab1 f5 18. c5 dxc5 19. dxc5 e4 20. Nd2 Qe5 21. Bb4 Be6 22.
Nc4 Bxc4 23. Bxc4+ Kh8 24. Ne2 g5 25. Nd4 f4 26. bxc6 bxc6 27. Nxc6 Rxd1+ 28.
Rxd1 Qf5 29. Nd4 Qg6 30. Qb3 Rb8 31. Nb5 Nf6 32. Nd6 g4 33. Nf7+ Kh7 34. Ne5
Qg5 35. Nxg4 Nxg4 36. hxg4 Qxg4 37. Rb1 a5 38. Qc2 f3 39. g3 axb4 40. Bd5 Ne6
41. Bxe4+ Kh8 42. Bf5 Nd4 43. exd4 Qxd4 44. c6 b3 45. Rxb3 Rxb3 46. Qxb3 Be5
47. Qe3 Qa1+ 48. Kh2 Kg7 49. Qxf3 Qxa4 50. Qd5 Qa1 51. Qd7+ Kf6 52. Qe6+ Kg7
53. Qg6+ Kf8 54. Qxh6+ Ke7 55. Qe6+ Kf8 56. c7 Bxg3+ 57. fxg3 Qb2+ 58. Kh3 Qh8+
59. Kg4 Qd4+ 60. Kg5 Qg7+ 61. Bg6 Qxc7 62. Qf7+ Qxf7 63. Bxf7 Kxf7 64. Kf5 1-0

[Event "Almansa 2013 - Torneo B"]
[Site "Almansa ESP"]
[Date "2013.08.06"]
[Round "1.4"]
[White "Saborit Ripolles, Manuel"]
[Black "Galiana Fernandez, Adrian"]
[Result "1/2-1/2"]
[WhiteElo "1980"]
[BlackElo "1634"]
[PlyCount "114"]
[EventDate "2013.08.06"]
[EventType "swiss"]
[EventRounds "9"]
[EventCountry "ESP"]
[Source "lmi"]
[SourceDate "2013.08.06"]

1. e4 c5 2. Nf3 e6 3. d4 cxd4 4. Nxd4 a6 5. Nc3 b5 6. a3 Bb7 7. Bd3 Qb6 8. Nb3
Qc7 9. O-O Nc6 10. f4 Be7 11. Be3 d6 12. Qe2 Nf6 13. g4 h5 14. g5 Ng4 15. Bd2
Qb6+ 16. Kg2 Nd4 17. Nxd4 Qxd4 18. h3 f5 19. gxf6 Nxf6 20. Be3 Nxe4 21. Qf3
Qxc3 22. Bxe4 Bxe4 23. Qxe4 Qc8 24. Qg6+ Kd7 25. Rad1 Qc4 26. Rf2 Rh6 27. Qd3
Rc8 28. c3 Qxd3 29. Rxd3 Rf6 30. Kh2 g5 31. fxg5 Rxf2+ 32. Bxf2 Bxg5 33. Be3
Bxe3 34. Rxe3 Rg8 35. Rf3 Ke7 36. Rf4 d5 37. a4 Rg6 38. axb5 axb5 39. Rb4 Kd6
40. Rxb5 Kc6 41. Ra5 Kb6 42. Ra1 h4 43. Rg1 Rxg1 44. Kxg1 Kb5 45. b3 d4 46. c4+
Kb4 47. Kf2 Kxb3 48. c5 d3 49. Ke3 Kc2 50. c6 d2 51. c7 d1=Q 52. c8=Q+ Kb1 53.
Qb8+ Kc1 54. Qc7+ Qc2 55. Qxc2+ Kxc2 56. Ke4 Kd2 57. Ke5 Ke3 1/2-1/2

[Event "Almansa 2013 - Torneo B"]
[Site "Almansa ESP"]
[Date "2013.08.07"]
[Round "2.1"]
[White "Jimenez Almeida, Luis David"]
[Black "Raimundo Medina, Fermin"]
[Result "1-0"]
[WhiteElo "1998"]
[BlackElo "1756"]
[PlyCount "37"]
[EventDate "2013.08.06"]
[EventType "swiss"]
[EventRounds "9"]
[EventCountry "ESP"]
[Source "lmi"]
[SourceDate "2013.08.06"]

1. Nf3 d5 2. c4 e6 3. g3 c5 4. Bg2 Nf6 5. O-O Nc6 6. d4 Be7 7. dxc5 Bxc5 8. a3
dxc4 9. Qa4 O-O 10. Qxc4 Bb6 11. Nc3 Bd7 12. Rd1 Qe7 13. Bg5 Na5 14. Qh4 Nb3
15. Ne5 Bxf2+ 16. Kh1 h6 17. Bxf6 gxf6 18. Nxd7 Nxa1 19. Nxf6+ 1-0

[Event "Almansa 2013 - Torneo B"]
[Site "Almansa ESP"]
[Date "2013.08.07"]
[Round "2.2"]
[White "Guillen Beltran, Juan"]
[Black "Talavera Garcia, Santiago"]
[Result "1-0"]
[WhiteElo "1748"]
[BlackElo "1997"]
[PlyCount "67"]
[EventDate "2013.08.06"]
[EventType "swiss"]
[EventRounds "9"]
[EventCountry "ESP"]
[Source "lmi"]
[SourceDate "2013.08.06"]

1. e4 g6 2. d4 Bg7 3. Nf3 d6 4. c3 Nd7 5. Be3 e6 6. Qb3 Ne7 7. Bd3 h6 8. Nbd2
a6 9. a4 b6 10. O-O O-O 11. Ne1 c5 12. Qd1 Nc6 13. Nc2 e5 14. d5 Ne7 15. f4
exf4 16. Bxf4 Ne5 17. Nc4 Rb8 18. Nxe5 dxe5 19. Be3 f5 20. c4 f4 21. Bf2 Bd7
22. b4 Qc7 23. a5 cxb4 24. axb6 Rxb6 25. c5 Rbf6 26. d6 Qd8 27. dxe7 Qxe7 28.
Nxb4 R6f7 29. Rxa6 Qg5 30. Bc4 Bh3 31. Bxf7+ Rxf7 32. Qf3 Bg4 33. Qb3 Be2 34.
Ra7 1-0

[Event "Almansa 2013 - Torneo B"]
[Site "Almansa ESP"]
[Date "2013.08.07"]
[Round "2.3"]
[White "Garcia Lopez, Juan Antonio"]
[Black "Jarque Megias, Juan Jose"]
[Result "0-1"]
[WhiteElo "1974"]
[BlackElo "1744"]
[PlyCount "94"]
[EventDate "2013.08.06"]
[EventType "swiss"]
[EventRounds "9"]
[EventCountry "ESP"]
[Source "lmi"]
[SourceDate "2013.08.06"]

1. e4 e6 2. d4 d5 3. Nd2 Nf6 4. e5 Nfd7 5. Bd3 c5 6. c3 Nc6 7. Ne2 Qb6 8. Nf3
Be7 9. O-O O-O 10. Nf4 Re8 11. Bc2 cxd4 12. cxd4 Nf8 13. a3 Bd7 14. h4 f6 15.
Re1 fxe5 16. dxe5 Bc5 17. Nd3 Be7 18. Bg5 Rac8 19. Rc1 Qd8 20. Nc5 Qb6 21. Bxe7
Rxe7 22. b4 a5 23. Na4 Qd8 24. Qd2 b6 25. Rb1 axb4 26. axb4 Be8 27. Nc3 Na7 28.
Bd3 Bg6 29. Bxg6 Nxg6 30. h5 Nf8 31. Nd4 Rec7 32. Nce2 Rc4 33. Ra1 Nc6 34. Nxc6
R8xc6 35. Nd4 Rc8 36. Ra6 Qh4 37. Nf3 Qxh5 38. Rxb6 Qf7 39. Nd4 Qa7 40. Nb5
Qxb6 41. Nd6 Rc2 42. Nxc8 Rxc8 43. Re3 Rc4 44. Rg3 Qxb4 45. Qg5 Rc7 46. Qd8 Rf7
47. Qh4 Qxh4 0-1

[Event "Almansa 2013 - Torneo B"]
[Site "Almansa ESP"]
[Date "2013.08.07"]
[Round "2.4"]
[White "Piqueras Guardiola, Francisco"]
[Black "Bernabeu Lopez, Carlos Javier"]
[Result "1/2-1/2"]
[WhiteElo "1741"]
[BlackElo "1973"]
[PlyCount "158"]
[EventDate "2013.08.06"]
[EventType "swiss"]
[EventRounds "9"]
[EventCountry "ESP"]
[Source "lmi"]
[SourceDate "2013.08.06"]

1. d4 f5 2. c4 Nf6 3. Nc3 e6 4. g3 Bb4 5. Bg2 O-O 6. Bd2 Bxc3 7. Bxc3 d5 8. e3
c6 9. cxd5 exd5 10. Nf3 Nbd7 11. Ne5 Nxe5 12. dxe5 Ne4 13. Bb4 Re8 14. f4 Qb6
15. Qb3 c5 16. Bxe4 fxe4 17. Qxd5+ Be6 18. Qxc5 Qa6 19. Qd6 Qb5 20. a4 Qc4 21.
Qc5 Qxc5 22. Bxc5 Rec8 23. Bd4 Rc2 24. O-O Rac8 25. f5 Bc4 26. Rf2 Be2 27. Bc3
Rd8 28. Re1 Bd3 29. Rd1 Rxf2 30. Kxf2 Rf8 31. f6 gxf6 32. exf6 Kf7 33. Rc1 Rc8
34. Ke1 b5 35. axb5 Bxb5 36. Kd2 Ke6 37. Bd4 Rxc1 38. Kxc1 a5 39. Kd2 a4 40.
Ke1 h5 41. Kf2 Be8 42. h3 Kf5 43. Ke2 Kg6 44. Kd2 Bd7 45. h4 Be6 46. Kc3 Bb3
47. Kb4 Kf7 48. Kc5 Ke6 49. Bc3 Bc2 50. Kc6 Bd3 51. Bd4 Be2 52. Kc7 Bf1 53. Kd8
Bb5 54. Be5 Bc4 55. Bc3 Bb5 56. Bd4 Kf7 57. Be5 Ke6 58. Bc3 Kf7 59. Kc7 Ke6 60.
Bd4 Bd3 61. Bc3 Bc4 62. Kb6 Bd3 63. Kc5 Bc2 64. Be5 Bb3 65. Kd4 Bc2 66. Kc3 Bb3
67. Bd4 Kf7 68. Kb4 Ke6 69. Kc5 Bc2 70. Bc3 Bb3 71. Kd4 Bc2 72. f7 Kxf7 73. Ke5
Kg6 74. Kf4 Bd3 75. g4 hxg4 76. Kxg4 Be2+ 77. Kf4 Bd3 78. Bd4 Kh5 79. Bf6 Bc2
1/2-1/2

[Event "Almansa 2013 - Torneo B"]
[Site "Almansa ESP"]
[Date "2013.08.07"]
[Round "3.1"]
[White "Juanes Garcia, Olaya"]
[Black "Jimenez Almeida, Luis David"]
[Result "1/2-1/2"]
[WhiteElo "1792"]
[BlackElo "1998"]
[PlyCount "154"]
[EventDate "2013.08.06"]
[EventType "swiss"]
[EventRounds "9"]
[EventCountry "ESP"]
[Source "lmi"]
[SourceDate "2013.08.06"]

1. e4 e6 2. d4 d5 3. e5 c5 4. c3 Nc6 5. Nf3 Qb6 6. a3 c4 7. g3 Na5 8. Nbd2 Bd7
9. Bg2 Ne7 10. O-O Qc7 11. Ne1 h5 12. Qf3 Nf5 13. Nc2 Ba4 14. Ne3 g6 15. Qe2
O-O-O 16. Bf3 Ng7 17. Bg2 Be7 18. f4 Nf5 19. Qf3 Rdf8 20. Qe2 Nxe3 21. Qxe3 Bc2
22. Re1 Bf5 23. h4 Qd7 24. Rf1 Qa4 25. Bf3 Bc2 26. Qe1 Kd7 27. Bd1 Ra8 28. Kh2
Rhb8 29. Kg1 Kc6 30. Bxc2 Qxc2 31. Qd1 Qxd1 32. Rxd1 b5 33. Rb1 Nb3 34. Nxb3
cxb3 35. Bd2 a5 36. Rdc1 Kb6 37. Kf2 Rc8 38. Ke2 Rc4 39. Kd3 Rac8 40. Ke3 Ra4
41. Kd3 Rcc4 42. Be1 Ka7 43. Ra1 Kb7 44. Bd2 Rc8 45. Be1 Rac4 46. Bd2 Kb6 47.
Rab1 Kc7 48. Be1 Kd7 49. Bd2 Ke8 50. Be3 Kd8 51. Bd2 Kd7 52. Be3 f6 53. exf6
Bxf6 54. Re1 Ke7 55. Bd2 Kf7 56. Red1 R8c6 57. Re1 Ra4 58. Ra1 Be7 59. Reb1 Kf6
60. Rg1 Kf5 61. Rae1 Bd6 62. Re2 b4 63. axb4 axb4 64. cxb4 Bxb4 65. Bc3 Bxc3
66. bxc3 Ra2 67. Re5+ Kf6 68. Rb1 b2 69. Kc2 Rb6 70. Re3 Ke7 71. Re5 Kf6 72.
Re3 Kf7 73. Re5 Ke7 74. Re3 Kf8 75. Re5 Kg7 76. Re3 Kg8 77. Re5 Kf7 1/2-1/2

[Event "Almansa 2013 - Torneo B"]
[Site "Almansa ESP"]
[Date "2013.08.07"]
[Round "3.2"]
[White "Boj Marques, Javier"]
[Black "Castellanos Gomez, Alejandro"]
[Result "0-1"]
[WhiteElo "1958"]
[BlackElo "1769"]
[PlyCount "30"]
[EventDate "2013.08.06"]
[EventType "swiss"]
[EventRounds "9"]
[EventCountry "ESP"]
[Source "lmi"]
[SourceDate "2013.08.06"]

1. e4 e6 2. d4 d5 3. exd5 exd5 4. Bd3 Bd6 5. h3 Nf6 6. Bg5 h6 7. Bh4 O-O 8. Qf3
Re8+ 9. Ne2 g5 10. Nbc3 gxh4 11. O-O-O Be6 12. Nb5 Ne4 13. Bxe4 dxe4 14. Qxe4
Qg5+ 15. Kb1 Bxa2+ 0-1

[Event "Almansa 2013 - Torneo B"]
[Site "Almansa ESP"]
[Date "2013.08.07"]
[Round "3.3"]
[White "Jarque Megias, Juan Jose"]
[Black "Ceron Carrion, Cesar"]
[Result "1/2-1/2"]
[WhiteElo "1744"]
[BlackElo "1907"]
[PlyCount "129"]
[EventDate "2013.08.06"]
[EventType "swiss"]
[EventRounds "9"]
[EventCountry "ESP"]
[Source "lmi"]
[SourceDate "2013.08.06"]

1. e4 c5 2. Nf3 d6 3. d4 cxd4 4. Nxd4 Nf6 5. Nc3 g6 6. Be3 Bg7 7. f3 Nc6 8. Qd2
Bd7 9. O-O-O O-O 10. h4 h5 11. Be2 Ne5 12. Bg5 Rc8 13. Kb1 Nc4 14. Bxc4 Rxc4
15. Nb3 a5 16. e5 Ne8 17. exd6 Nxd6 18. Qxd6 exd6 19. Bxd8 Rxd8 20. Nxa5 Rb4
21. Nb3 Be6 22. Nd5 Rc4 23. Ne3 Ra4 24. Rd3 b5 25. Nd5 Kh7 26. Nc3 Raa8 27.
Rhd1 Be5 28. Nd5 Ra4 29. Re3 Bg3 30. Nc3 Rxh4 31. Nxb5 Rh2 32. a4 Rxg2 33. N3d4
Bd7 34. Re2 Rxe2 35. Nxe2 Bh2 36. Nbc3 Ra8 37. b3 Rb8 38. f4 g5 39. Rh1 Bxf4
40. Nxf4 gxf4 41. Rxh5+ Kg6 42. Rh1 f3 43. Rf1 Bc6 44. Nb5 Bxb5 45. axb5 Rxb5
46. Rxf3 f5 47. c4 Rb8 48. Kc2 Kg5 49. Kc3 Kg4 50. Rf1 f4 51. Rg1+ Kh3 52. b4
f3 53. b5 f2 54. Rd1 Kg2 55. Kd4 f1=Q 56. Rxf1 Kxf1 57. Kd5 Rb6 58. c5 dxc5 59.
Kxc5 Rh6 60. b6 Ke2 61. b7 Rh8 62. Kb6 Kd3 63. Ka7 Rh7 64. Ka8 Rxb7 65. Kxb7
1/2-1/2

[Event "Almansa 2013 - Torneo B"]
[Site "Almansa ESP"]
[Date "2013.08.07"]
[Round "3.4"]
[White "Fernandez Cano, Victor"]
[Black "Guillen Beltran, Juan"]
[Result "1-0"]
[WhiteElo "1904"]
[BlackElo "1748"]
[PlyCount "61"]
[EventDate "2013.08.06"]
[EventType "swiss"]
[EventRounds "9"]
[EventCountry "ESP"]
[Source "lmi"]
[SourceDate "2013.08.06"]

1. c4 e5 2. Nc3 Nc6 3. g3 f5 4. Bg2 Nf6 5. d3 Be7 6. Nf3 O-O 7. O-O d6 8. a3 a5
9. Rb1 Rb8 10. Bd2 Qe8 11. e3 Na7 12. c5 b5 13. cxb6 cxb6 14. b4 axb4 15. axb4
b5 16. d4 e4 17. Qb3+ Qf7 18. Qxf7+ Rxf7 19. Ng5 Rf8 20. h4 h6 21. Nh3 Be6 22.
Rfc1 Bc4 23. Nf4 Kf7 24. h5 Rfc8 25. Bh3 Be6 26. Ra1 Rc7 27. Nxe6 Kxe6 28. Ra6
Rbb7 29. Rb1 Nd5 30. Nxe4 Rc2 31. Nc5+ 1-0

[Event "Almansa 2013 - Torneo B"]
[Site "Almansa ESP"]
[Date "2013.08.08"]
[Round "4.1"]
[White "Fernandez Calzada, Juan A"]
[Black "Fernandez Cano, Victor"]
[Result "1/2-1/2"]
[WhiteElo "1844"]
[BlackElo "1904"]
[PlyCount "73"]
[EventDate "2013.08.06"]
[EventType "swiss"]
[EventRounds "9"]
[EventCountry "ESP"]
[Source "lmi"]
[SourceDate "2013.08.06"]

1. e4 c5 2. Nf3 Nc6 3. d4 cxd4 4. Nxd4 g6 5. c4 Bg7 6. Be3 Nf6 7. Nc3 O-O 8.
Be2 d6 9. O-O Bd7 10. Rb1 Qc8 11. f3 Ne5 12. b3 a6 13. Qd2 Re8 14. Rfc1 Qd8 15.
Rc2 Rc8 16. Rbc1 Nc6 17. Nd5 Nxd5 18. cxd5 Nxd4 19. Bxd4 Bxd4+ 20. Qxd4 Qa5 21.
b4 Qa3 22. Kf2 Qxc1 23. Rxc1 Rxc1 24. Qb6 Rc2 25. Ke3 Bc8 26. a4 Ra2 27. a5 Rc2
28. b5 Rb2 29. Qc7 axb5 30. Qc3 Rb1 31. Qc2 Rb4 32. Qc3 Rb1 33. Qc2 Rb4 34. Qc3
Rb1 35. Qc2 Rb4 36. Qc3 Rb1 37. Qc2 1/2-1/2

[Event "Almansa 2013 - Torneo B"]
[Site "Almansa ESP"]
[Date "2013.08.08"]
[Round "4.2"]
[White "Perez Gonzalez, Roberto"]
[Black "Moreno Brocalero, Edgar"]
[Result "0-1"]
[WhiteElo "1873"]
[BlackElo "1827"]
[PlyCount "52"]
[EventDate "2013.08.06"]
[EventType "swiss"]
[EventRounds "9"]
[EventCountry "ESP"]
[Source "lmi"]
[SourceDate "2013.08.06"]

1. e4 e6 2. d4 d5 3. Nc3 dxe4 4. Nxe4 Be7 5. Nf3 Nf6 6. Bd3 O-O 7. O-O Nbd7 8.
c3 b6 9. Re1 Bb7 10. Nfg5 h6 11. Nxf6+ Nxf6 12. Ne4 c5 13. Re3 cxd4 14. Nxf6+
Bxf6 15. Rg3 dxc3 16. Bxh6 cxb2 17. Bxg7 Bxg7 18. Rxg7+ Kxg7 19. Qg4+ Kf6 20.
Qh4+ Ke5 21. Qg3+ Kd5 22. Rd1 Kc5 23. Qe5+ Qd5 24. Qc3+ Kd6 25. f3 Qc5+ 26.
Qxc5+ Kxc5 0-1

[Event "Almansa 2013 - Torneo B"]
[Site "Almansa ESP"]
[Date "2013.08.08"]
[Round "4.3"]
[White "Castellanos Gomez, Alejandro"]
[Black "Bernabeu Lopez, Carlos Javier"]
[Result "1/2-1/2"]
[WhiteElo "1769"]
[BlackElo "1973"]
[PlyCount "94"]
[EventDate "2013.08.06"]
[EventType "swiss"]
[EventRounds "9"]
[EventCountry "ESP"]
[Source "lmi"]
[SourceDate "2013.08.06"]

1. d4 Nf6 2. c4 g6 3. Nc3 d5 4. Nf3 Bg7 5. e3 O-O 6. Bd3 dxc4 7. Bxc4 c5 8. h3
a6 9. a4 Nbd7 10. O-O cxd4 11. exd4 Nb6 12. Bb3 Nbd5 13. Re1 e6 14. Bg5 Qa5 15.
Bd2 Nxc3 16. Bxc3 Qb6 17. a5 Qd6 18. Nd2 Nd5 19. Qf3 Nxc3 20. bxc3 Qc7 21. Reb1
Rb8 22. Ne4 Bd7 23. Ba4 Bc6 24. Bxc6 Qxc6 25. Rb6 Qd5 26. Nc5 Qxf3 27. gxf3
Rfc8 28. Rab1 Bf8 29. Nd7 Ra8 30. Rxb7 Rxc3 31. Rb8 Rc8 32. Rxa8 Rxa8 33. Rb6
Be7 34. Rb7 Bd8 35. Nb6 Bxb6 36. axb6 a5 37. Ra7 Rb8 38. b7 Kg7 39. Rxa5 Rxb7
40. Rd5 h5 41. Kg2 Rb4 42. Rd7 g5 43. Rd5 Kg6 44. Rc5 Rb6 45. Ra5 f5 46. Ra8
Kf6 47. Rh8 Kg6 1/2-1/2

[Event "Almansa 2013 - Torneo B"]
[Site "Almansa ESP"]
[Date "2013.08.08"]
[Round "4.4"]
[White "Jimenez Almeida, Luis David"]
[Black "Jarque Megias, Juan Jose"]
[Result "1/2-1/2"]
[WhiteElo "1998"]
[BlackElo "1744"]
[PlyCount "95"]
[EventDate "2013.08.06"]
[EventType "swiss"]
[EventRounds "9"]
[EventCountry "ESP"]
[Source "lmi"]
[SourceDate "2013.08.06"]

1. g3 d5 2. Bg2 e6 3. c4 Nf6 4. Nf3 Be7 5. d4 O-O 6. O-O c6 7. Qc2 Nbd7 8. Rd1
h6 9. Nbd2 Re8 10. e4 dxe4 11. Nxe4 Nxe4 12. Qxe4 Nf6 13. Qe2 Bd6 14. b3 Qe7
15. Ne5 Nd7 16. f4 f6 17. Ng6 Qf7 18. Bf3 Nf8 19. Nxf8 Rxf8 20. Bb2 Bd7 21.
Rac1 Rae8 22. Qd2 Re7 23. Qa5 a6 24. Ba3 Bxa3 25. Qxa3 Rfe8 26. Rf1 Qg6 27. Qa5
e5 28. fxe5 fxe5 29. d5 e4 30. dxc6 Qxc6 31. Bg2 Re5 32. Qc3 Qc5+ 33. Kh1 Bc6
34. b4 Qe7 35. Rce1 e3 36. Bxc6 bxc6 37. Re2 Re4 38. Rf3 Qe6 39. a3 Rf8 40.
Rexe3 Rxf3 41. Rxf3 Re1+ 42. Kg2 Qe2+ 43. Rf2 Qe4+ 44. Qf3 Qxc4 45. Qf8+ Kh7
46. Qf5+ Kh8 47. Qf8+ Kh7 48. Qf5+ 1/2-1/2

[Event "Almansa 2013 - Torneo B"]
[Site "Almansa ESP"]
[Date "2013.08.08"]
[Round "5.1"]
[White "Moreno Brocalero, Edgar"]
[Black "Ceron Carrion, Cesar"]
[Result "0-1"]
[WhiteElo "1827"]
[BlackElo "1907"]
[PlyCount "76"]
[EventDate "2013.08.06"]
[EventType "swiss"]
[EventRounds "9"]
[EventCountry "ESP"]
[Source "lmi"]
[SourceDate "2013.08.06"]

1. e4 c5 2. Nf3 d6 3. d4 cxd4 4. Qxd4 Nc6 5. Bb5 Bd7 6. Qd3 g6 7. O-O Bg7 8. c3
Nf6 9. Nd4 Ne5 10. Qe2 O-O 11. Bxd7 Nfxd7 12. f4 Nc6 13. Nxc6 bxc6 14. Be3 c5
15. Nd2 Qa5 16. Nf3 Rab8 17. Qc2 Nb6 18. Nd2 Na4 19. Rab1 Rb7 20. b4 cxb4 21.
cxb4 Rxb4 22. Nc4 Qb5 23. Rxb4 Qxb4 24. Rb1 Nb2 25. Nxb2 Rb8 26. Bxa7 Ra8 27.
Nd3 Qxe4 28. Re1 Qd5 29. Rxe7 Rxa7 30. Re8+ Bf8 31. Qc8 Qd4+ 32. Kh1 Qxd3 33.
Rxf8+ Kg7 34. Rg8+ Kh6 35. Qc1 Rxa2 36. f5+ Rd2 37. fxg6 Qe2 38. gxf7 Qd1+ 0-1

[Event "Almansa 2013 - Torneo B"]
[Site "Almansa ESP"]
[Date "2013.08.08"]
[Round "5.2"]
[White "Fernandez Cano, Victor"]
[Black "Castellanos Gomez, Alejandro"]
[Result "1-0"]
[WhiteElo "1904"]
[BlackElo "1769"]
[PlyCount "75"]
[EventDate "2013.08.06"]
[EventType "swiss"]
[EventRounds "9"]
[EventCountry "ESP"]
[Source "lmi"]
[SourceDate "2013.08.06"]

1. Nf3 Nf6 2. d4 d5 3. Bf4 e6 4. e3 Be7 5. h3 c5 6. c3 Nc6 7. Bd3 Qb6 8. Qc1
Bd7 9. O-O O-O 10. Nbd2 Rac8 11. Qb1 cxd4 12. exd4 Na5 13. Re1 Bb5 14. Bc2 h6
15. g4 Bd6 16. Ne5 Nd7 17. a4 Nxe5 18. dxe5 Bc5 19. axb5 Bxf2+ 20. Kg2 Bxe1 21.
Qxe1 Nc4 22. Nxc4 Rxc4 23. Qd2 f6 24. Bd3 Rcc8 25. exf6 Rxf6 26. Qe3 d4 27.
cxd4 Rcf8 28. Bg3 Rf3 29. Qe4 e5 30. Qh7+ Kf7 31. Bxe5 Ke8 32. Bf5 Qxb5 33.
Qg6+ Rf7 34. Qe6+ Kd8 35. Qc8+ Ke7 36. Bd6+ Kxd6 37. Qe6+ Kc7 38. Rc1+ 1-0

[Event "Almansa 2013 - Torneo B"]
[Site "Almansa ESP"]
[Date "2013.08.08"]
[Round "5.3"]
[White "Fernandez Calzada, Juan A"]
[Black "Cuevas Urosa, Miguel"]
[Result "0-1"]
[WhiteElo "1844"]
[BlackElo "1878"]
[PlyCount "52"]
[EventDate "2013.08.06"]
[EventType "swiss"]
[EventRounds "9"]
[EventCountry "ESP"]
[Source "lmi"]
[SourceDate "2013.08.06"]

1. e4 e6 2. d4 d5 3. exd5 exd5 4. Bd3 Bd6 5. Nf3 Ne7 6. O-O Bg4 7. Bg5 f6 8.
Bh4 Nbc6 9. c3 Qd7 10. Bg3 O-O-O 11. Nbd2 g5 12. Bxd6 Qxd6 13. Re1 Ng6 14. Qc2
Nce7 15. Re3 Nf4 16. Bf1 Bf5 17. Qa4 Kb8 18. Rae1 Neg6 19. Re8 Bd7 20. Rxd8+
Rxd8 21. Qc2 g4 22. g3 gxf3 23. gxf4 Qxf4 24. Qd3 Rg8 25. Kh1 Nh4 26. Qe3 Qg4
0-1

[Event "Almansa 2013 - Torneo B"]
[Site "Almansa ESP"]
[Date "2013.08.08"]
[Round "5.4"]
[White "Navarro Palma, Javier"]
[Black "Cao, Carlo"]
[Result "1/2-1/2"]
[WhiteElo "1871"]
[BlackElo "1736"]
[PlyCount "57"]
[EventDate "2013.08.06"]
[EventType "swiss"]
[EventRounds "9"]
[EventCountry "ESP"]
[Source "lmi"]
[SourceDate "2013.08.06"]

1. e4 c6 2. d4 d5 3. exd5 cxd5 4. c4 Nf6 5. Nc3 Nc6 6. Nf3 Bg4 7. Be3 e6 8. Be2
Bb4 9. a3 Bxc3+ 10. bxc3 Ne4 11. Qb3 Qd7 12. c5 O-O 13. h3 Bh5 14. g4 Bg6 15.
Nh4 b6 16. cxb6 Rab8 17. Nxg6 hxg6 18. Qc2 Rxb6 19. Bd3 Nd6 20. Ke2 Rfb8 21.
Rab1 Na5 22. Bf4 R8b7 23. Bxd6 Qxd6 24. Rxb6 Rxb6 25. Qa4 Rb2+ 26. Kf3 Nc6 27.
Rb1 Rxb1 28. Bxb1 e5 29. Ba2 1/2-1/2

[Event "Almansa 2013 - Torneo B"]
[Site "Almansa ESP"]
[Date "2013.08.09"]
[Round "6.1"]
[White "Ceron Carrion, Cesar"]
[Black "Fenollar Bataller, David"]
[Result "1-0"]
[WhiteElo "1907"]
[BlackElo "1869"]
[PlyCount "123"]
[EventDate "2013.08.06"]
[EventType "swiss"]
[EventRounds "9"]
[EventCountry "ESP"]
[Source "lmi"]
[SourceDate "2013.08.06"]

1. e4 d5 2. exd5 Qxd5 3. Nc3 Qd8 4. d4 Nf6 5. h3 c6 6. Bc4 Bf5 7. Bf4 e6 8. Nf3
h6 9. O-O Bd6 10. Ne5 O-O 11. Re1 Qc7 12. Qf3 Nbd7 13. Bb3 Nd5 14. Bxd5 cxd5
15. Nb5 Nxe5 16. dxe5 Qxc2 17. Re2 Qd3 18. Nxd6 Qxf3 19. gxf3 Bxh3 20. Rc1 b5
21. Rc7 b4 22. Rd2 a5 23. Rd1 a4 24. Kh2 Bf5 25. Nxf5 exf5 26. Rxd5 Rac8 27.
Rdd7 Rxc7 28. Rxc7 Rd8 29. e6 fxe6 30. Be5 g5 31. Kg2 a3 32. bxa3 bxa3 33. Rc3
Rd5 34. Bc7 Rd7 35. Bb6 Rb7 36. Rc8+ Kf7 37. Rc7+ Rxc7 38. Bxc7 Ke7 39. f4 Kf6
40. Kg3 h5 41. Bd8+ Kg6 42. Bxg5 e5 43. fxe5 Kxg5 44. f4+ Kh6 45. Kh3 Kg7 46.
Kh4 Kg6 47. e6 Kf6 48. Kxh5 Kxe6 49. Kg5 Kd5 50. Kxf5 Kc4 51. Ke4 Kc3 52. f5
Kb2 53. f6 Kxa2 54. f7 Kb2 55. f8=Q a2 56. Qb4+ Ka1 57. Qc3+ Kb1 58. Kd3 a1=N
59. Kd2 Ka2 60. Qb4 Nb3+ 61. Kc3 Na1 62. Qb2# 1-0

[Event "Almansa 2013 - Torneo B"]
[Site "Almansa ESP"]
[Date "2013.08.09"]
[Round "6.2"]
[White "Cuevas Urosa, Miguel"]
[Black "Fernandez Cano, Victor"]
[Result "0-1"]
[WhiteElo "1878"]
[BlackElo "1904"]
[PlyCount "52"]
[EventDate "2013.08.06"]
[EventType "swiss"]
[EventRounds "9"]
[EventCountry "ESP"]
[Source "lmi"]
[SourceDate "2013.08.06"]

1. e4 c5 2. Nf3 Nc6 3. d4 cxd4 4. Nxd4 Nf6 5. Nc3 g6 6. Be3 Bg7 7. Bc4 O-O 8.
Bb3 d6 9. f3 Bd7 10. Qd2 Rc8 11. O-O-O Ne5 12. h4 h5 13. Bh6 Nc4 14. Qg5 Nh7
15. Qg3 Bxh6+ 16. Kb1 Bg7 17. f4 Bg4 18. f5 Bxd1 19. Rxd1 Nf6 20. Qg5 Qa5 21.
g4 Nxg4 22. Nd5 Bf6 23. Nxe7+ Bxe7 24. Qxe7 Nd2+ 25. Ka1 Nxb3+ 26. cxb3 Qd2 0-1

[Event "Almansa 2013 - Torneo B"]
[Site "Almansa ESP"]
[Date "2013.08.09"]
[Round "6.3"]
[White "Alvarez Serrano, Carlos"]
[Black "Talavera Garcia, Santiago"]
[Result "1/2-1/2"]
[WhiteElo "1894"]
[BlackElo "1997"]
[PlyCount "41"]
[EventDate "2013.08.06"]
[EventType "swiss"]
[EventRounds "9"]
[EventCountry "ESP"]
[Source "lmi"]
[SourceDate "2013.08.06"]

1. Nf3 d5 2. g3 e6 3. d4 f5 4. c4 c6 5. Bg2 Bd6 6. Bf4 Nf6 7. Ne5 O-O 8. c5 Bc7
9. O-O Nbd7 10. Nxd7 Nxd7 11. Bxc7 Qxc7 12. f4 b6 13. cxb6 axb6 14. Qb3 Ba6 15.
Rc1 Kh8 16. Nd2 Qd6 17. e3 c5 18. a4 Rfb8 19. Bf1 Bxf1 20. Kxf1 h6 21. Qc3
1/2-1/2